000
00297 a2200121 4500
001
146625
040
_c
Escola São Tomás de Aquino
100
_a
DUPRÉ, Maria José
240
1
0
_a
O cachorrinho Samba
_l
por
245
1
0
_a
O cachorrinho Samba
697
_a
*LITERATURA INFANTO JUVENIL
942
_c
BK
999
_c
146625
_d
146625